000 00310 a2200133 4500
020 _a9695190391
090 _c5874
_d5874
100 _aA J Arberry
245 _aThe Doctrine of the Sufis
260 _aLahore
_bSuhail Acadamy
_c2001
300 _a173 p.
500 _aHardcover
942 _aNBS
_cBK
_k297.4 ARB
999 _c348270
_d348270